EM 2024 Teilnehmer - Statistiken

Allgemein
  • Dieses Quiz wurde 783 mal gespielt
  • Das Durchschnittsergebnis liegt bei 22 aus 24
Antwortstatistiken
Nation % Korrekt
Deutschland
100%
Spanien
99%
Italien
98%
Frankreich
97%
Portugal
97%
Schweiz
97%
England
95%
Niederlande
95%
Österreich
95%
Schottland
95%
Ungarn
95%
Polen
94%
Dänemark
93%
Belgien
92%
Kroatien
92%
Ukraine
91%
Albanien
90%
Türkei
90%
Slowakei
88%
Slowenien
88%
Serbien
87%
Tschechien
86%
Rumänien
81%
Georgien
75%
Keine übereinstimmenden Quizze gefunden
Verteilung der Resultate
Anzahl Personen mit jedem Resultat
Perzentil nach korrekt beantworteten Fragen
Ihre Resultats-Entwicklung
Sie haben dieses Quiz noch nicht gespielt